Macroeconomics

Salvato in:
Dettagli Bibliografici
Autore principale: Blanchard, Olivier
Natura: Libro
Lingua:inglese
Pubblicazione: Upper Saddle River Pearson/Prentice Hall 2009
Edizione:5th ed.
Soggetti:
Tags: Aggiungi Tag
Nessun Tag, puoi essere il primo ad aggiungerne!!

MARC

LEADER 00000nam$a2200000$$$4500
001 0085420
005 20240306135816.3
020 |a 978-0-13-207963-1 
020 |a 0-13-207963-1 
041 0 |a eng 
044 |a US 
245 1 0 |a Macroeconomics  |c Olivier Blanchard 
250 |a 5th ed. 
264 1 |a Upper Saddle River  |b Pearson/Prentice Hall  |c 2009 
300 |a 651 s. 
610 2 0 |a makroekonomika 
610 2 0 |a svet 
610 2 0 |a trh 
610 2 0 |a trh finančný 
610 2 0 |a trh práce 
610 2 0 |a modely 
610 2 0 |a modelovanie ekonometrické 
610 2 0 |a nezamestnanosť 
610 2 0 |a Phillipsova krivka 
610 2 0 |a inflácia 
610 2 0 |a peniaze 
610 2 0 |a úspory 
610 2 0 |a spotreba 
610 2 0 |a investície 
610 2 0 |a miera úroková 
610 2 0 |a kurz devízový 
610 2 0 |a kríza 
610 2 0 |a politika fiškálna 
610 2 0 |a rast hospodársky 
100 1 |a Blanchard, Olivier